00337nam a22001217a 45000050016000000200025000160370014000411000015000552450042000702600033001122700041001453000029001862011121208598.0 a9788121937313c89.00 bS. Chand  aPipe, Jim  aLook and play tractors /cby Jim Pipe aNew Delhi bS. Chand c2011 a7361, Ram Nagar bNew Delhi e110055 a24p. bill. c24cm(pbk)